Turkey Squad Euro 2024 - Statistics

General Stats
  • This quiz has been taken 97 times
    86 since last reset
  • The average score is 15 of 26
Answer Stats
Club Position Answer % Correct
Real Madrid FW Arda Guler
99%
Inter Milan MF Hakan Calhanoglu
92%
Juventus FW Kenan Yildiz
89%
Al-Ahli DF Merih Demiral
88%
Galatasaray FW Baris Yilmaz
82%
Benfica MF Orkun Kokcu
78%
Borussia Dortmund MF Salih Ozcan
78%
Galatasaray FW Kerem Akturkoglu
70%
Man United GK Altay Bayindir
62%
Besiktas FW Cenk Tosun
62%
Roma DF Zeki Celik
62%
Besiktas GK Mert Gunok
59%
Fenerbahce DF Mert Muldur
52%
Fenerbahce DF Ferdi Kadioglu
49%
Lille FW Yusuf Yazici
49%
Trabzonspor GK Ugurcan Cakir
45%
Ajax DF Ahmetcan Kaplan
41%
Galatasaray DF Abdulkerim Bardakci
38%
Galatasaray MF Kaan Ayhan
38%
Fenerbahce FW Irfan Kahveci
37%
Panathinaikos DF Samet Akaydin
34%
Leicester FW Yunus Akgun
34%
West Brom MF Okay Yokuslu
33%
Rennes FW Bertug Yildirim
30%
Besiktas FW Semih Kilicsoy
27%
Fenerbahce MF Ismail Yuksek
26%
No matching quizzes found
Score Distribution
Percent of People with Each Score
Percentile by Number Answered
Your Score History
You have not taken this quiz since the last reset